000
00323nam a2200145Ia 4500
100
_a
Schildt/ & others
490
_v
II
942
_c
BK
654
_a
Computer
245
_a
Osborne Windows Programming Series Vol 2
260
_b
Osborne
_a
New York
_c
1994
082
_a
5.13
_b
PAN
546
_a
ENGLISH
999
_c
18898
_d
18898